Eficiencia del gasto público en América Latina

Durante la década de los 80s y 90s, muchos de los países bajo estudio en este libro realizaron sustanciales transformaciones estructurales que le han dado mayor importancia al sector privado en la provisión de bienes y servicios, en el desarrollo de infraestructura y en la acumulación de capital hum...

Full description

Bibliographic Details
Corporate Author: Konrad-Adenauer-Stiftung
Other Authors: Fischer-Bollin, Peter (ed.)
Format: Libro
Language:Spanish
Published: Rio de Janeiro: Konrad Adenauer Stiftung, 2008.
Subjects:
Online Access:Acceso electrónico al documento

MARC

LEADER 00000cam a22000007a 4500
003 UAHC
005 20200304134314.0
008 180102s2011 bl |||| |||| 00| 0 spa d
952 |0 0  |1 0  |2 ddc  |4 0  |6 336_390980000000000_EFI  |7 0  |8 COMP  |9 93531  |a BC  |b BC  |c General  |d 2020-03-04  |l 0  |o 336.39098 EFI  |p 1443109  |r 2026-01-13 00:00:00  |t c.1  |w 2020-03-04  |y BK 
999 |c 53174  |d 53174 
020 |a 9788575041598 
035 |a CENTRAL 
040 |a UAHC_CL  |c UAHC_CL  |d UAHC_CL 
082 |2 21  |b E27  |a 336.39098 
245 |a Eficiencia del gasto público en América Latina  |c Editor responsable Peter Fischer-Bollin.  
260 |a Rio de Janeiro:  |b Konrad Adenauer Stiftung,  |c 2008. 
300 |a 443 p. 
520 |a Durante la década de los 80s y 90s, muchos de los países bajo estudio en este libro realizaron sustanciales transformaciones estructurales que le han dado mayor importancia al sector privado en la provisión de bienes y servicios, en el desarrollo de infraestructura y en la acumulación de capital humano. No obstante, sus aparatos estatales resultan en gran parte incompatibles con un funcionamiento eficiente de los mismos mercados que las reformas quisieron crear. Los capítulos que se desarrollan en este libro buscan entregar una mirada al interior de cada uno de los 13 países parte de ese proyecto de investigación respecto de la gestión interna del gasto público, en particular una mirada a los incentivos que tienen los gobiernos y entidades públicas para que ese gasto sea hecho en forma eficiente. Detrás de esta mirada está la hipótesis de que la base del problema de eficiencia del accionar del Estado radica en la inexistencia de mecanismos adecuados de incentivos y control tanto a nivel de los individuos como de los organismos públicos. Sin siquiera entrar en el detalle de la medición de la eficiencia del gasto público, a través de los trabajos presentados en este libro es posible concluir que hay espacios enormes para contribuir al desarrollo de los países latinoamericanos. Es posible avanzar en concreto hacia una mayor eficiencia de este gasto y así elevar las tasas de crecimiento económico y progreso social en América Latina. 
651 0 |9 1456  |a América Latina  |x Condiciones económicas  |x Estadísticas 
651 0 |9 11158  |a América latina  |x Gastos públicos 
700 |9 11157  |a Fischer-Bollin, Peter  |e ed. 
710 |9 11152  |a Konrad-Adenauer-Stiftung 
856 |u https://www.researchgate.net/publication/236897322_Eficiencia_del_Gasto_Publico_en_America_Latina  |y Acceso electrónico al documento 
942 |2 ddc  |c BK